| 000 | 00532cam a2200181ua 4500 | ||
|---|---|---|---|
| 041 |
_aeng _h |
||
| 082 |
_a629.253 _bABB/DI |
||
| 100 | _aAbbey , Station . | ||
| 245 |
_aDiesel fault tracing maintanance and repair / _cStation Abbey. _hTextual Documents |
||
| 250 |
_a3 / _b. |
||
| 260 |
_a : _bSir Isaac Pitman & Sons Ltd , _c1962. |
||
| 300 | _a265 ; . | ||
| 440 | 0 |
_aPitmans automobile maintainance series, _v _x; |
|
| 490 | 0 |
_aPitmans automobile maintainance series, _v _x; |
|
| 504 | _a | ||
| 942 | _cBK | ||
| 999 |
_c638 _d638 |
||